Normal view
MARC view
Entry Personal Name
001 - CONTROL NUMBER
- control field: 396
003 - CONTROL NUMBER IDENTIFIER
- control field: OSt
005 - DATE AND TIME OF LATEST TRANSACTION
- control field: 20140708174440.0
008 - FIXED-LENGTH DATA ELEMENTS
- fixed length control field: 140708|| aca||aabn | a|a d
040 ## - CATALOGING SOURCE
- Original cataloging agency: OSt
- Transcribing agency: OSt
100 ## - HEADING--PERSONAL NAME
- Personal name: Cohn, Lawrence H.,
- Dates associated with a name: 1937-
670 ## - SOURCE DATA FOUND
- Source citation: Work cat.: (OSt)147: Cardiac surgery in the adult., c2012.
